Relevance of Internet Information Sources on Business for Management Processes

Analýza on-line zdrojov informácií dostupných pre manažérsky rozhodovací proces na Slovensku. Všeobecné informácie o účtovnej jednotke voľne dostupné na internete (Obchodný register, Živnostenský register...). Účtovná závierka a výročné správy uverejnené v Registri účtovných závierok. Štatutárne ozn...

Full description

Saved in:
Bibliographic Details
Main Author: Pakšiová, Renáta, 1974-
Other Authors: Lovciová, Kornélia, 1983-
Format: Book Chapter
Language:English
Subjects:
Tags: Add Tag
No Tags, Be the first to tag this record!

MARC

LEADER 00000naa$a2200000$$$4500
001 0249263
005 20240502074003.1
041 0 |a eng 
044 |a SK 
245 1 0 |a Relevance of Internet Information Sources on Business for Management Processes  |c Renáta Pakšiová, Kornélia Lovciová 
520 |a Analýza on-line zdrojov informácií dostupných pre manažérsky rozhodovací proces na Slovensku. Všeobecné informácie o účtovnej jednotke voľne dostupné na internete (Obchodný register, Živnostenský register...). Účtovná závierka a výročné správy uverejnené v Registri účtovných závierok. Štatutárne oznamovanie. Štatistická analýza počtu podaní na Slovensku v rokoch 2012-2017 podľa portálu Finstat.sk. 
610 2 0 |a podnikanie 
610 2 0 |a podnik 
610 2 0 |a procesy podnikové 
610 2 0 |a rozhodovanie manažérske 
610 2 0 |a internet 
610 2 0 |a technológie informačné 
610 2 0 |a technológie komunikačné 
610 2 0 |a zdroje informácií 
610 2 0 |a zdroje informačné elektronické 
610 2 0 |a závierka účtovná 
610 2 0 |a správy výročné 
610 2 0 |a účtovníctvo 
610 2 0 |a jednotka účtovná 
610 2 0 |a Slovensko 
610 2 0 |a registre 
610 2 0 |a register obchodný 
100 1 |a Pakšiová, Renáta, 1974- 
700 1 |a Lovciová, Kornélia, 1983-